| 000 | 00634nam a2200181 a 4500 | ||
|---|---|---|---|
| 001 | 000027119 | ||
| 005 | 20200930030620.0 | ||
| 008 | 110329s1994 dr a 000 | spa d | ||
| 040 |
_aDO-SdBNP _bspa _cBNPHU |
||
| 082 |
_axxx _bF383b |
||
| 100 | 1 |
_aFerreira Calderón, Eleuterio _936072 |
|
| 245 | 1 | 3 |
_aLa biblia : _bguía para un estudio didáctico / _cEleuterio Ferreira Calderón ; presentación de Ramón Benito Ángeles F. |
| 260 |
_aLa Vega, República Dominicana : _bUTECI, _c1994. |
||
| 300 |
_a175, [9] p. : _bil. ; _c21 cm. |
||
| 504 | _aIncluye bibliografía. | ||
| 700 | 1 |
_aÁngeles F., Ramón Benito _954191 |
|
| 049 | _aBNPD | ||
| 999 |
_c26611 _d26611 |
||